Countries With GDP Over 1 Trillion - Statistics

General Stats
  • This quiz has been taken 34 times
    8 since last reset
  • The average score is 18 of 21
Answers on the Map
Answers color-coded by a green-red scale on the quiz's map according to % correct below.
 
Answer Stats
Answer % Correct
France
100%
Netherlands
100%
Australia
88%
Brazil
88%
Canada
88%
China
88%
Germany
88%
India
88%
Indonesia
88%
Italy
88%
Japan
88%
Mexico
88%
Russia
88%
South Korea
88%
Spain
88%
Turkey
88%
UK
88%
USA
88%
Poland
75%
Saudi Arabia
63%
Switzerland
63%
No matching quizzes found
Score Distribution
Percent of People with Each Score
Percentile by Number Answered
Your Score History
You have not taken this quiz since the last reset